Manuel Aurelio Tavárez Justo : (Registro nro. 7468)

Detalles MARC
000 -LIDER
fixed length control field 01005nam a2200301 a 4500
001 - NÚMERO DE CONTROL
Identificador de número de control 000024787
003 - IDENTIFICACDOR DE NÚMERO DE CONTROL
control field DO-SdBNP
005 - DATE AND TIME OF LATEST TRANSACTION
control field 20171101112654.0
007 - CAMPOS FIJOS DE DESCRIPCIÓN FÍSICA
fixed length control field 000024787
008 - ELEMENTOS DE LONGITUD FIJA
fixed length control field 110204s2003 dr a 000 0 spa d
020 ## - ISBN
International Standard Book Number 9993476846
040 ## - FUENTE DE CATALOGACIÓN
Agencia que crea de manera original el registro BPMET
Idioma de catalogación spa
Agencia que realiza la transcripción BPMET
100 1# - ASIENTO PRINCIPAL -- NOMBRE PERSONAL
Nombre personal Cassá, Roberto
Títulos u otras palabras asociadas con el nombre 1948-
245 10 - MENCIÓN DE TITULO
Título Manuel Aurelio Tavárez Justo :
Subtítulo líder de la juventud /
Mención de responsabilidad Roberto Cassá.
260 ## - PUBLICACIÓN, DISTRIBUCIÓN, ETC. (PIE DE IMPRENTA)
Lugar de publicación, distribución, etc Santo Domingo :
Nombre del editor, distribuidor, etc. TOBOGÁN,
Fecha de publicación, distribución, etc 2003.
300 ## - DESCRIPCIÓN FÍSICA
Extensión 104 P. :
Otros detalles físicos il. ;
Dimensiones 22 cm.
490 1# - MENCIÓN DE SERIES
Mención de serie Biografías dominicanas Tobogán
504 ## - NOTA DE BIBLIOGRAFÍA, ETC.
Bibliography, etc Bibliografía : P. 103-104
830 #0 - ASIENTO SECUNDARIO DE SERIE--TÍTULO UNIFORME
Título uniforme Biografías dominicanas Tobogán
930 #1 - EQUIVALENCE OR CROSS-REFERENCE-UNIFORM TITLE HEADING [LOCAL, CANADA]
Language of a work BND01
Medium of performance for music LF1
Field link and sequence number 20110318
Date of a work 04
Name of part/section of a work MI
Miscellaneous information 15856
Medium e. 3
930 #1 - EQUIVALENCE OR CROSS-REFERENCE-UNIFORM TITLE HEADING [LOCAL, CANADA]
Language of a work BND01
Medium of performance for music LF1
Field link and sequence number 20110204
Date of a work 01
Name of part/section of a work HD
Miscellaneous information 15856
930 #1 - EQUIVALENCE OR CROSS-REFERENCE-UNIFORM TITLE HEADING [LOCAL, CANADA]
Language of a work BND01
Medium of performance for music LF1
Field link and sequence number 20110318
Date of a work 01
Name of part/section of a work MI
Miscellaneous information 15856
Medium e. 2
942 ## - ADDED ENTRY ELEMENTS (KOHA)
Source of classification or shelving scheme Dewey Decimal Classification
Koha item type Libros
945 ## - INFORMACIÓN DE PROCESAMIENTO LOCAL
Información de procesamiento local Inventariado, 2017/MFF
956 ## - LOCAL ELECTRONIC LOCATION AND ACCESS (OCLC)
Nombre de host IGARCIA
Número de acceso 10
Información de compresión 20110204
Inicio de sesión BND01
Procesador de solicitud 1342
956 ## - LOCAL ELECTRONIC LOCATION AND ACCESS (OCLC)
Nombre de host NMORDAN
Número de acceso 10
Información de compresión 20110204
Inicio de sesión BND01
Procesador de solicitud 1450
956 ## - LOCAL ELECTRONIC LOCATION AND ACCESS (OCLC)
Nombre de host VMATEO
Número de acceso 10
Información de compresión 20150903
Inicio de sesión BPMSU
Procesador de solicitud 00151
Existencias
Withdrawn status Lost status Source of classification or shelving scheme Damaged status Not for loan Collection code Home library Current library Date acquired Total Checkouts Barcode Date last seen Price effective from Koha item type Copy number
    Dewey Decimal Classification     Colección Dominicana Biblioteca Pública Metropolitana Salomé Ureña Biblioteca Pública Metropolitana Salomé Ureña 02/20/2015   BPMSU15040075 02/20/2015 02/20/2015 Libros  
    Dewey Decimal Classification     Colección Dominicana Biblioteca Pública Metropolitana Salomé Ureña Biblioteca Pública Metropolitana Salomé Ureña 02/20/2015   BPMSU15040076 02/20/2015 02/20/2015 Libros ej. 2
    Dewey Decimal Classification     Colección Dominicana Biblioteca Pública Metropolitana Salomé Ureña Biblioteca Pública Metropolitana Salomé Ureña 02/20/2015   BPMSU15040077 02/20/2015 02/20/2015 Libros ej. 3